000 00673nam a2200241Ia 4500
003 GCL
005 20240530103615.0
008 140319s9999 xx 000 0 ara d
040 _aGCL /
_cGCL
082 0 4 _a811.9
_bا ع
100 1 _aاحمد شوقى
245 1 0 _aعنترة /
_cاحمد شوقى
260 _bدار الفرجانى،
300 _a139 ص. ؛
_c20 سم.
490 _aكتاب
_v0
650 0 4 _aالشعر العربى
650 0 4 _aالادب العربى
650 0 4 _aالعصر الحديث
650 0 4 _aاحمد شوقى
650 0 4 _aالشعر القصصى
650 0 4 _aالشعر العربى - العراق
942 _2ddc
_cBK
999 _c41109
_d41109